00302nam a2200121Ia 4500008004100000100003100041245003100072260003500103300000800138650001000146942000700156999001700163190216s9999||||xx |||||||||||||| ||und|| aGiri Raj Sharam Agarwal Dr 0aHindi- Gyarah Nukkad Nadak bHindi Sahithya Nikhethanc2000 a173 aHindi cBK c16136d16136